| 000 | 01012nam a2200277 a 4500 | ||
|---|---|---|---|
| 003 | MX-MxUPN | ||
| 005 | 20241031144023.0 | ||
| 008 | 241031s1982 mx |||||r|||| 000 0 spa d | ||
| 020 | _a9688005169 | ||
| 040 |
_aMX-MxUPN _bspa _cMX-MxUPN |
||
| 041 | 0 | _aspa | |
| 050 | 1 | 4 |
_aLB1645 M62 _bC67 1982 |
| 100 | 1 |
_aCórdova Ferreira, Everardo _954405 |
|
| 100 | 1 |
_aCampos Campos, Yolanda _928637 |
|
| 100 | 1 |
_aRábago López, Norma Ligia _954406 |
|
| 100 | 1 |
_aSantamaría Galván, Joaquín _944586 |
|
| 100 | 1 |
_aVázquez Magaña, Conrado _954407 |
|
| 100 | 1 |
_aPérez Escalante, Septimio _954408 |
|
| 245 | 1 | 0 |
_aTeoría y práctica docente de las matemáticas : _b2o. grado |
| 250 | _aPrimera edición. | ||
| 260 |
_aMéxico, D.F. : _bSecretaría de Educación Pública, Dirección General de Capacitación y Mejoramiento Profesional del Magisterio, _c1982. |
||
| 300 | _a102 páginas | ||
| 650 | 4 |
_aMatemáticas _xEstudio y enseñanza (Secundaria) _94860 |
|
| 902 | _aVíctor Ruiz/311024 | ||
| 942 |
_2lcc _cLIBRO |
||
| 999 |
_c211965 _d211965 |
||